Věk diskontinuity Obraz měnící se společnosti

Gespeichert in:
Bibliographische Detailangaben
1. Verfasser: Drucker, Peter F.
Weitere Verfasser: Medek, Pavel
Format: Buch
Sprache:Tschechisch
Veröffentlicht: Praha Management Press 1994
Ausgabe:1. vyd.
Schlagworte:
Tags: Tag hinzufügen
Keine Tags, Fügen Sie das erste Tag hinzu!

MARC

LEADER 00000nam a2200000 4500
001 c005734
005 20221214075040.1
020 |a 80-85603-44-6 
041 0 |a cze 
044 |a CZ 
245 1 0 |a Věk diskontinuity  |b Obraz měnící se společnosti  |c Peter F. Drucker ; [Z angl. prel.] Pavel Medek 
250 |a 1. vyd. 
264 1 |a Praha  |b Management Press  |c 1994 
300 |a 377 s. 
610 2 0 |a ekonómia 
610 2 0 |a hospodárstvo svetové 
610 2 0 |a politika hospodárska 
610 2 0 |a ekonomika vedomostná 
100 1 |a Drucker, Peter F. 
700 1 |a Medek, Pavel